Normal view
MARC view
- Nabi, Nuran
Entry Personal Name
001 - CONTROL NUMBER
- control field: 5155
003 - CONTROL NUMBER IDENTIFIER
- control field: OSt
005 - DATE AND TIME OF LATEST TRANSACTION
- control field: 20230109054427.0
008 - FIXED-LENGTH DATA ELEMENTS
- fixed length control field: 230109|| aca||aabn | a|a d
040 ## - CATALOGING SOURCE
- Original cataloging agency: OSt
100 ## - HEADING--PERSONAL NAME
- Personal name: Nabi, Nuran
